Professional Ajax /

Ajax es una metodología que combina las posibilidades tecnológicas de las hojas de estilo en cascada, XML y JavaScript para la creación de interfaces de usuario sofisticadas y con mayor capacidad de respuesta debido a su forma de presentar la información, para interactuar dinámicamente con los datos...

詳細記述

保存先:
書誌詳細
第一著者: Zakas, Nicholas C. (autor)
その他の著者: McPeak, Jeremy (autor) (autor), Fawcett, Joe (autor) (autor)
フォーマット: 図書
言語:英語
出版事項: Indianápolis, EUA : Wrox : Wiley, 2006, c2006
シリーズ:(Programmer to Programmer Wrox)
主題:
タグ: タグ追加
タグなし, このレコードへの初めてのタグを付けませんか!

MARC

LEADER 00000nam^a2200000^a^4500
001 000187903
005 20250521000000.0
009 20260310102317.722
020 |a 0-471-77778-1 
037 |a Acervo ITESO - Biblioteca 
041 |a ING 
082 |a 621. 382171068  |b ZAK 
100 |a Zakas, Nicholas C.  |e (autor) 
245 1 0 |a Professional Ajax /  |c N.C. Zakas, J. McPeak, J. Fawcett. 
264 4 |a Indianápolis, EUA :  |b Wrox :  |b Wiley,  |c 2006, c2006 
300 |a XXIII, 406 p. 
336 |a texto  |b txt  |2 rdacontenido 
337 |a sin mediación  |b n  |2 rdamedio 
338 |a volumen  |b nc  |2 rdasoporte 
440 1 |a (Programmer to Programmer Wrox) 
520 |a Ajax es una metodología que combina las posibilidades tecnológicas de las hojas de estilo en cascada, XML y JavaScript para la creación de interfaces de usuario sofisticadas y con mayor capacidad de respuesta debido a su forma de presentar la información, para interactuar dinámicamente con los datos, y para intercambiar y manipular datos de manera desincronizada con un servidor web. En este libro se revisan varios intermediarios de solicitudes (incluyendo la técnica de ocultación de marcos, los iframes, y XMLHttp) y explica cuando usar uno u otro. 
649 |a XX 
650 |a Interfaz de Usuario 
650 |a Interacción Hombre-Máquina 
650 |a Páginas en Línea -  |x Diseño y Construcción 
650 |a Internet 
650 |a ATM (Modo de Transferencia Asíncrona) 
650 |a Redes de Computadoras 
650 |a Comunicación en Red 
650 |a Sistemas de Telecomunicación 
650 |a Tecnologías de Comunicación e Información 
650 |a Telecomunicaciones 
650 |a Lenguajes de Programación 
650 |a Programación Orientada a Objetos 
650 |a Programación (Software) 
650 |a Desarrollo de Sistemas 
650 |a Sistemas Computacionales 
650 |a Ingeniería Computacional 
700 |a McPeak, Jeremy  |e (autor) 
700 |a Fawcett, Joe  |e (autor) 
910 |a Fondo General 
920 |a Impresos - Libros 
930 |a Colección General 
905 |a 101 
901 |a 0500129929  |b IT1  |c ACC  |u 20250521 
902 |a https://opac.biblio.iteso.mx/vufind/Record/000187903